<?xml version="1.0" encoding="UTF-8"?>
<collection xmlns="http://www.loc.gov/MARC21/slim">
    <record>
        <controlfield tag="001">101458</controlfield>
        <controlfield tag="005">20210415110716.0</controlfield>
        <datafield tag="037" ind1=" " ind2=" ">
            <subfield code="a">TAZ-TFG-2020-791</subfield>
        </datafield>
        <datafield tag="041" ind1=" " ind2=" ">
            <subfield code="a">spa</subfield>
        </datafield>
        <datafield tag="100" ind1="1" ind2=" ">
            <subfield code="a">Vicleanu,Andra</subfield>
        </datafield>
        <datafield tag="242" ind1="0" ind2="0">
            <subfield code="a">Comparative Intervention in Two Cases of Psychomotor Disorder Sharing the Practice of Artistic Gymnastics</subfield>
        </datafield>
        <datafield tag="245" ind1="0" ind2="0">
            <subfield code="a">Comparativa de intervención en dos casos de trastorno psicomotor compartiendo la práctica de gimnasia artística</subfield>
        </datafield>
        <datafield tag="260" ind1=" " ind2=" ">
            <subfield code="a">Zaragoza</subfield>
            <subfield code="b">Universidad de Zaragoza</subfield>
            <subfield code="c">2020</subfield>
        </datafield>
        <datafield tag="506" ind1=" " ind2=" ">
            <subfield code="a">by-nc-sa</subfield>
            <subfield code="b">Creative Commons</subfield>
            <subfield code="c">3.0</subfield>
            <subfield code="u">http://creativecommons.org/licenses/by-nc-sa/3.0/</subfield>
        </datafield>
        <datafield tag="520" ind1=" " ind2=" ">
            <subfield code="a">Objetivos: Este trabajo se llevó a cabo con la finalidad de elaborar dos tipos de intervención para el trastorno psicomotor (RPM) utilizando el Modelo Canadiense del Desempeño Ocupacional. Para los dos casos se utilizó la práctica de gimnasia artística (A) y en uno, se combinó dicha práctica con actividades que trabajan la motricidad fina (A+B). Además, se ha querido comparar la efectividad de estos dos tipos de intervención en el trastorno psicomotor. &lt;br />- Desarrollo: El estudio comenzó con una entrevista para conocer el perfil ocupacional de ambas niñas, de 7 y 9 años.  Posteriormente, se administraron la escala de evaluación Bruininks Oseretsky Test of Motor Proficiency (BOT-2) y la Medida Canadiense del Desempeño de las Funciones Ocupacionales (COMP). Una vez haber establecido los objetivos de cada una, se programaron 10 sesiones de intervención basadas en la práctica de gimnasia artística con ambas niñas y 6 sesiones para trabajar la motricidad fina con una de ellas. Sin embargo, debido a la pandemia sanitaria por el CoVid-19 sólo se han podido llevar a cabo 8 sesiones de gimnasia artística (A) y 4 de motricidad fina (A+B). &lt;br />- Resultados: Para conocer los objetivos que se han conseguido, se realizó la reevaluación administrando la COMP por video llamada a ambas niñas. &lt;br />- Conclusión: No se han mostrado mejoras significativas en ninguno de los casos. Sin embargo, la intervención A+B ha indicado más avances que la intervención A, destacando, sobre todo, la mejora en habilidades de motricidad fina. &lt;br />&lt;br /></subfield>
        </datafield>
        <datafield tag="521" ind1=" " ind2=" ">
            <subfield code="a">Graduado en Terapia Ocupacional</subfield>
        </datafield>
        <datafield tag="540" ind1=" " ind2=" ">
            <subfield code="a">Derechos regulados por licencia Creative Commons</subfield>
        </datafield>
        <datafield tag="700" ind1=" " ind2=" ">
            <subfield code="a">López De La Fuente, María Jose</subfield>
            <subfield code="e">dir.</subfield>
        </datafield>
        <datafield tag="710" ind1="2" ind2=" ">
            <subfield code="a">Universidad de Zaragoza</subfield>
            <subfield code="b">Fisiatría y Enfermería</subfield>
            <subfield code="c">Fisioterapia</subfield>
        </datafield>
        <datafield tag="856" ind1="0" ind2=" ">
            <subfield code="f">694784@unizar.es</subfield>
        </datafield>
        <datafield tag="856" ind1="4" ind2=" ">
            <subfield code="s">2811533</subfield>
            <subfield code="u">http://zaguan.unizar.es/record/101458/files/TAZ-TFG-2020-791.pdf</subfield>
            <subfield code="y">Memoria (spa)</subfield>
        </datafield>
        <datafield tag="909" ind1="C" ind2="O">
            <subfield code="o">oai:zaguan.unizar.es:101458</subfield>
            <subfield code="p">driver</subfield>
            <subfield code="p">trabajos-fin-grado</subfield>
        </datafield>
        <datafield tag="950" ind1=" " ind2=" ">
            <subfield code="a"></subfield>
        </datafield>
        <datafield tag="951" ind1=" " ind2=" ">
            <subfield code="a">deposita:2021-04-15</subfield>
        </datafield>
        <datafield tag="980" ind1=" " ind2=" ">
            <subfield code="a">TAZ</subfield>
            <subfield code="b">TFG</subfield>
            <subfield code="c">EUCS</subfield>
        </datafield>
        <datafield tag="999" ind1=" " ind2=" ">
            <subfield code="a">20200528182521.CREATION_DATE</subfield>
        </datafield>
    </record>

    
</collection>